000 00608 a2200253 4500
260 _bCNRS
300 _a730 p.
245 _aJurisprudence du conseil d'Etat et du tribunal des conflits : Tables décennales : 1965-1974. T1
260 _aParis
650 _aDroit privé
650 _aAbattoirs
650 _aActes
650 _aAffiche
650 _aPublicité
260 _c1976
300 _b23 cm
100 _lFr
630 _a34 - Droit. Jurisprudence. Legislation
037 _aDe 00610
650 _a3 - SCIENCES SOCIALES
020 _a2-222-01995-8
999 _c36888
_d36888